000 00210 a2200097 4500
001 15208
100 _aHayek F.A
245 _aThe road serfdom
260 _aLondon
_bGeorge Routledge
_c
090 _c11946
_d11946
942 _aNUST-CAE
_cM
_c2165
999 _c250281
_d250281